|
|
|
|
| LEADER |
01078cam a22003011a 4500 |
| 001 |
000033252 |
| 003 |
9400 |
| 005 |
20211003111545.0 |
| 008 |
151016s2010 vm 000 vie |
| 041 |
|
|
|a vie
|
| 082 |
|
|
|a 959.7029
|b HA-B
|
| 100 |
|
|
|a Hà Duy Biển
|
| 245 |
|
0 |
|a 1000 nhân vật lịch sử văn hóa Thăng Long HN /
|c Hà Duy Biển.
|
| 260 |
|
|
|a Thông tin và truyền thông,
|c 2010.
|
| 300 |
|
|
|a 462tr. : mh ; 25cm.
|
| 650 |
|
|
|a 2010,Hà Duy Biển,hà nội, thăng long, 1000, nhân vật, con người, từ 1856,
|
| 852 |
|
|
|b Chuyên đề
|c Ngôn ngữ tiếng Việt 1
|
| OWN |
|
|
|a LNN
|
| AVA |
|
|
|a UDN50
|b LNN
|e available
|t Error 5001 Not defined in file expand_doc_bib_avail.
|f 3
|g 0
|h N
|i 0
|
| 999 |
|
|
|a From the UDN01
|
| AVA |
|
|
|a UDN50
|b LNN
|e available
|t Error 5001 Not defined in file expand_doc_bib_avail.
|f 3
|g 0
|h N
|i 0
|
| TYP |
|
|
|a Monograph
|
| 980 |
|
|
|a Mạng thư viện Đại học Đà Nẵng
|